[Event "GER-chT Federal Cup (Women)"]
[Site "Braunfels"]
[Date "2017.06.16"]
[Round "3.3"]
[White "Daemering, Katrin"]
[Black "Steimbach, Isabel"]
[Result "1-0"]
[WhiteElo "2030"]
[BlackElo "1972"]
[PlyCount "61"]
[EventDate "2017.06.15"]
[EventType "team-swiss"]
[EventRounds "5"]
[EventCountry "GER"]
[SourceTitle "CBM 179 Extra"]
[Source "ChessBase"]
[SourceDate "2017.08.23"]
[SourceVersion "1"]
[SourceVersionDate "2017.08.23"]
[SourceQuality "1"]
[WhiteTeam "Sachsen (W)"]
[BlackTeam "Baden (W)"]
[WhiteTeamCountry "GER"]
[BlackTeamCountry "GER"]

1. e4 c5 2. Nf3 d6 3. d4 cxd4 4. Nxd4 Nf6 5. Nc3 a6 6. Bg5 e6 7. f4 Qb6 8. Nb3 Nbd7 9. Qf3 Be7 10. g4 Qc7 11. 0-0-0 b5 12. a3 Bb7 13. Bd3 Rc8 14. Rhe1 h6 15. Qh3 e5 16. Bxf6 Nxf6 17. g5 Nd7 18. Nd5 Bxd5 19. exd5 exf4 20. g6 Ne5 21. gxf7+ Nxf7 22. Nd4 0-0 23. Ne6 Qd7 24. Qf5 Ng5 25. Qg6 Bf6 26. Nxg5 Bxg5 27. Qh7+ Kf7 28. Bf5 f3+ 29. Kb1 Qc7 30. Bg6+ Kf6 31. Re6# 1-0

[Event "London Weekend op 12"]
[Site "London"]
[Date "2016.12.09"]
[Round "1"]
[White "Steimbach, Isabel"]
[Black "Stoyanov, Viktor"]
[Result "1-0"]
[WhiteElo "1953"]
[BlackElo "1677"]
[PlyCount "77"]
[EventDate "2016.12.09"]
[EventType "swiss"]
[EventRounds "5"]
[EventCountry "ENG"]
[SourceTitle "CBM 176 Extra"]
[Source "ChessBase"]
[SourceDate "2017.03.02"]
[SourceVersion "1"]
[SourceVersionDate "2017.03.02"]
[SourceQuality "1"]

1. e4 c5 2. c3 g6 3. Nf3 Bg7 4. d4 cxd4 5. cxd4 d5 6. exd5 Nf6 7. Bc4 0-0 8. Qb3 Nbd7 9. Nc3 Nb6 10. 0-0 Bg4 11. Ne5 Nxc4 12. Nxg4 Nxg4 13. Qxc4 Qd6 14. g3 Rac8 15. Qe2 h5 16. Rd1 Qb6 17. h3 Nh6 18. g4 hxg4 19. hxg4 Qd6 20. Kg2 f5 21. g5 Ng4 22. Qe6+ Qxe6 23. dxe6 f4 24. Rd2 Rc4 25. Kh3 Bxd4 26. Kxg4 Be3 27. Rd7 Bxf2 28. Kf3 Bd4 29. Nd5 Bc5 30. Nxe7+ Bxe7 31. Rxe7 Rd4 32. b3 Rd3+ 33. Ke4 Rg3 34. Bb2 Re3+ 35. Kd5 Rf5+ 36. Kc4 f3 37. Rh1 Kf8 38. Rxb7 Rf4+ 39. Bd4 1-0

[Event "Wiesbaden op 27th"]
[Site "Wiesbaden"]
[Date "2015.08.29"]
[Round "4"]
[White "Steimbach, Isabel"]
[Black "Lorenz, Hermann"]
[Result "1-0"]
[WhiteElo "1984"]
[BlackElo "1668"]
[PlyCount "49"]
[EventDate "2015.08.27"]
[EventType "swiss"]
[EventRounds "7"]
[EventCountry "GER"]
[SourceTitle "EXT 2016"]
[Source "ChessBase"]
[SourceDate "2015.10.08"]
[SourceVersion "1"]
[SourceVersionDate "2015.10.08"]
[SourceQuality "1"]

1. e4 d6 2. d4 Nf6 3. Nc3 g6 4. Nf3 Bg7 5. Be2 0-0 6. 0-0 a6 7. a4 Nbd7 8. e5 Ng4 9. e6 fxe6 10. Ng5 Nxf2 11. Rxf2 Rxf2 12. Nxe6 Qe8 13. Kxf2 Qf7+ 14. Bf3 Nf6 15. Nxc7 Rb8 16. N7d5 Ng4+ 17. Kg1 Nf6 18. Nxf6+ Bxf6 19. Be3 Bf5 20. Ne4 Bg7 21. Ng3 Bd7 22. Qd2 b5 23. axb5 Bxb5 24. b3 e5 25. dxe5 1-0

[Event "Wiesbaden op 27th"]
[Site "Wiesbaden"]
[Date "2015.08.28"]
[Round "2"]
[White "Steimbach, Isabel"]
[Black "Kollars, Dmitrij"]
[Result "0-1"]
[WhiteElo "1984"]
[BlackElo "2437"]
[PlyCount "70"]
[EventDate "2015.08.27"]
[EventType "swiss"]
[EventRounds "7"]
[EventCountry "GER"]
[SourceTitle "EXT 2016"]
[Source "ChessBase"]
[SourceDate "2015.10.08"]
[SourceVersion "1"]
[SourceVersionDate "2015.10.08"]
[SourceQuality "1"]

1. e4 e5 2. Nf3 Nc6 3. Bb5 a6 4. Bxc6 dxc6 5. 0-0 Qf6 6. d4 exd4 7. Bg5 Qd6 8. e5 Qg6 9. Qxd4 Be7 10. Bf4 Be6 11. Nc3 Qxc2 12. Ne4 Rd8 13. Qe3 Bd5 14. Nfd2 Bb4 15. Rac1 Bxd2 16. Nxd2 Qg6 17. f3 Ne7 18. Qa7 Qf5 19. Bg3 Qc8 20. Nc4 0-0 21. Bh4 Rde8 22. Na5 Ng6 23. Bg3 h5 24. Qxb7 Qf5 25. h3 Qg5 26. Kh2 h4 27. Bf2 Nf4 28. Rg1 Ne2 29. Qb4 Nxc1 30. Bxh4 Qxe5+ 31. Bg3 Nd3 32. Qxf8+ Kxf8 33. Bxe5 Rxe5 34. b3 Re2 35. Rd1 Nf4 0-1

[Event "Wiesbaden op 26th"]
[Site "Wiesbaden"]
[Date "2014.08.30"]
[Round "4"]
[White "Steimbach, Isabel"]
[Black "Fucik, Timo"]
[Result "1-0"]
[WhiteElo "1834"]
[BlackElo "2057"]
[PlyCount "63"]
[EventDate "2014.08.28"]
[EventType "swiss"]
[EventRounds "7"]
[EventCountry "GER"]
[SourceTitle "CBM 162 Extra"]
[Source "ChessBase"]
[SourceDate "2014.10.17"]
[SourceVersion "1"]
[SourceVersionDate "2014.10.17"]
[SourceQuality "1"]

1. e4 c5 2. Nf3 d6 3. d4 Nf6 4. Nc3 cxd4 5. Nxd4 a6 6. Bc4 e6 7. Bb3 b5 8. 0-0 Nbd7 9. Re1 Nc5 10. Bd5 Nxd5 11. exd5 b4 12. dxe6 Bxe6 13. Nd5 Rc8 14. Nxb4 Be7 15. Nbc6 Qc7 16. b4 Nb7 17. Nxe7 Qxe7 18. Bb2 Kd7 19. Qf3 d5 20. Nf5 Qg5 21. Nxg7 Rhf8 22. Re5 Qg6 23. Rae1 Nd6 24. Nxe6 fxe6 25. Qh3 Rce8 26. Bd4 Rf5 27. Qa3 Nc4 28. Qa4+ Kd8 29. Rxf5 Qxf5 30. Qxa6 Ke7 31. Qb7+ Kf8 32. Qg7# 1-0

[Event "Wiesbaden op 26th"]
[Site "Wiesbaden"]
[Date "2014.08.29"]
[Round "2"]
[White "Steimbach, Isabel"]
[Black "Moseler, Thomas"]
[Result "1-0"]
[WhiteElo "1834"]
[BlackElo "1628"]
[PlyCount "39"]
[EventDate "2014.08.28"]
[EventType "swiss"]
[EventRounds "7"]
[EventCountry "GER"]
[SourceTitle "CBM 162 Extra"]
[Source "ChessBase"]
[SourceDate "2014.10.17"]
[SourceVersion "1"]
[SourceVersionDate "2014.10.17"]
[SourceQuality "1"]

1. e4 e5 2. Nf3 Nc6 3. Bb5 a6 4. Bxc6 dxc6 5. 0-0 f6 6. d4 exd4 7. Nxd4 Qe7 8. Nf5 Qf7 9. Re1 Be6 10. Bf4 Rd8 11. Nd2 Rd7 12. Qe2 Kd8 13. Qe3 b6 14. Qe2 Bxf5 15. exf5 Re7 16. Qxa6 Rxe1+ 17. Rxe1 Kd7 18. Bxc7 Bd6 19. Bxd6 Kxd6 20. Ne4+ 1-0

[Event "Wiesbaden op 26th"]
[Site "Wiesbaden"]
[Date "2014.08.28"]
[Round "1"]
[White "Khenkin, Igor"]
[Black "Steimbach, Isabel"]
[Result "1-0"]
[WhiteElo "2574"]
[BlackElo "1834"]
[PlyCount "81"]
[EventDate "2014.08.28"]
[EventType "swiss"]
[EventRounds "7"]
[EventCountry "GER"]
[SourceTitle "CBM 162 Extra"]
[Source "ChessBase"]
[SourceDate "2014.10.17"]
[SourceVersion "1"]
[SourceVersionDate "2014.10.17"]
[SourceQuality "1"]

1. d4 d5 2. Nf3 e6 3. c4 Nf6 4. e3 Be7 5. b3 0-0 6. Bb2 b6 7. Bd3 Bb7 8. 0-0 Nbd7 9. Nc3 Ne4 10. Rc1 Rc8 11. cxd5 exd5 12. Qe2 a5 13. Ba6 Bxa6 14. Qxa6 Nxc3 15. Rxc3 Bd6 16. Rfc1 Re8 17. Qb5 Nf6 18. Ne5 Bxe5 19. dxe5 Nd7 20. Rc6 Nc5 21. Ba3 Ne6 22. Rd1 d4 23. Bb2 Qg5 24. Bxd4 h6 25. h3 Rcd8 26. Rcc1 Qh5 27. Qf1 Qh4 28. f4 Qg3 29. Qf2 Qxf2+ 30. Kxf2 g6 31. g4 Rd7 32. Bb2 Red8 33. Rxd7 Rxd7 34. Ke1 Kf8 35. Rc6 Ke7 36. f5 Ng5 37. Ba3+ Ke8 38. e6 fxe6 39. fxe6 Rd5 40. Rxc7 Kd8 41. e7+ 1-0

[Event "GER-ch U18 Girls"]
[Site "Magdeburg"]
[Date "2014.06.13"]
[Round "8"]
[White "Steimbach, Isabel"]
[Black "Siegl, Melina"]
[Result "1-0"]
[WhiteElo "1851"]
[BlackElo "1848"]
[PlyCount "53"]
[EventDate "2014.06.08"]
[EventType "swiss"]
[EventRounds "9"]
[EventCountry "GER"]
[SourceTitle "CBM 160 Extra"]
[Source "ChessBase"]
[SourceDate "2014.07.01"]
[SourceVersion "1"]
[SourceVersionDate "2014.07.01"]
[SourceQuality "1"]

1. e4 b6 2. d4 Bb7 3. Nc3 e6 4. Bd3 Bb4 5. Nge2 Nf6 6. 0-0 d5 7. e5 Nfd7 8. a3 Be7 9. Nb1 c5 10. c3 Nc6 11. Be3 Qc7 12. Nd2 h5 13. Rc1 0-0-0 14. c4 Ndxe5 15. Bf4 cxd4 16. cxd5 Rxd5 17. Bc4 Rdd8 18. Bb5 f6 19. Qa4 Bc5 20. b4 g5 21. Bxe5 Nxe5 22. bxc5 bxc5 23. Nb3 Rd5 24. Nexd4 Qd6 25. Qxa7 Rxd4 26. Nxd4 Qxd4 27. Rxc5+ 1-0

[Event "GER-chT Lands U20"]
[Site "Hannover"]
[Date "2013.10.06"]
[Round "7.5"]
[White "Carow, Annelen"]
[Black "Steimbach, Isabel"]
[Result "1-0"]
[WhiteElo "2037"]
[BlackElo "1833"]
[PlyCount "193"]
[EventDate "2013.10.02"]
[EventType "team-swiss"]
[EventRounds "7"]
[EventCountry "GER"]
[SourceTitle "EXT 2014"]
[Source "ChessBase"]
[SourceDate "2013.11.20"]
[SourceVersion "1"]
[SourceVersionDate "2013.11.20"]
[SourceQuality "1"]
[WhiteTeam "Rheinland Pfalz"]
[BlackTeam "Baden"]
[WhiteTeamCountry "GER"]
[BlackTeamCountry "GER"]

1. d4 d5 2. c4 e6 3. Nc3 Nf6 4. cxd5 exd5 5. Bg5 Be7 6. e3 0-0 7. Bd3 h6 8. Bh4 b6 9. Nf3 Bb7 10. 0-0 Na6 11. Qa4 Nb8 12. Rad1 Ne4 13. Bxe7 Qxe7 14. Ne5 c5 15. Rfe1 Rd8 16. Qc2 Nf6 17. Bf5 Nc6 18. Nxc6 Bxc6 19. dxc5 bxc5 20. Bd3 Ng4 21. Rc1 Qe5 22. f4 Qh5 23. h3 Nf6 24. Be2 Qh4 25. Bf3 Rac8 26. Red1 d4 27. Bxc6 Rxc6 28. Ne2 Rdc8 29. exd4 cxd4 30. Qd2 Ne4 31. Qxd4 Rxc1 32. Nxc1 Qxf4 33. Ne2 Qf5 34. Rf1 Qe6 35. Nf4 Qb6 36. Qxb6 axb6 37. Re1 Nf6 38. Kf2 Kf8 39. Re2 Rd8 40. Rc2 Ke8 41. Ke2 Rd4 42. Nd3 Re4+ 43. Kd2 Kd7 44. a3 Nd5 45. Nf2 Re6 46. Nd1 Nf4 47. Ne3 Rg6 48. Ke1 Nd3+ 49. Ke2 Nf4+ 50. Kf3 Ne6 51. Rd2+ Kc6 52. Ng4 Ng5+ 53. Kf4 Ne6+ 54. Kf3 Rg5 55. Ne3 Rc5 56. Ke4 Ng5+ 57. Kd3 g6 58. b4 Re5 59. a4 Ne6 60. Rc2+ Kb7 61. Rc4 h5 62. Re4 Rg5 63. Kc4 Ka6 64. g4 hxg4 65. hxg4 Nc7 66. Re7 b5+ 67. Kb3 bxa4+ 68. Kxa4 Nd5 69. Nxd5 Rxd5 70. Rxf7 Rg5 71. Rf4 Kb6 72. Rc4 Re5 73. Rf4 Rg5 74. Re4 Ka6 75. Kb3 Kb5 76. Kc3 Kb6 77. Kd3 Kb5 78. Ke3 Rd5 79. Kf4 g5+ 80. Ke3 Rd1 81. Re5+ Kxb4 82. Rxg5 Rf1 83. Kd4 Re1 84. Rg8 Kb5 85. Rf8 Kc6 86. Rf4 Kd7 87. Kd5 Rd1+ 88. Ke5 Ke7 89. Rf5 Re1+ 90. Kd4 Rd1+ 91. Ke3 Re1+ 92. Kf2 Ra1 93. Kg3 Ra6 94. Kh4 Rf6 95. Rxf6 Kxf6 96. Kh5 Kf7 97. Kh6 1-0

[Event "GER-chT Lands U20"]
[Site "Hannover"]
[Date "2013.10.05"]
[Round "6.4"]
[White "Steimbach, Isabel"]
[Black "Schwarzat, Julian"]
[Result "0-1"]
[WhiteElo "1833"]
[BlackElo "2030"]
[PlyCount "62"]
[EventDate "2013.10.02"]
[EventType "team-swiss"]
[EventRounds "7"]
[EventCountry "GER"]
[SourceTitle "EXT 2014"]
[Source "ChessBase"]
[SourceDate "2013.11.20"]
[SourceVersion "1"]
[SourceVersionDate "2013.11.20"]
[SourceQuality "1"]
[WhiteTeam "Baden"]
[BlackTeam "Schleswig Holstein"]
[WhiteTeamCountry "GER"]
[BlackTeamCountry "GER"]

1. e4 c6 2. d4 g6 3. Nf3 Bg7 4. c3 d5 5. exd5 cxd5 6. Bf4 Nf6 7. h3 Bf5 8. Qb3 Qc8 9. Bb5+ Nc6 10. Ne5 0-0 11. 0-0 a6 12. Be2 Bxb1 13. Raxb1 e6 14. Rfe1 Nd7 15. Ng4 Nf6 16. Ne5 Nxe5 17. Bxe5 Ne4 18. Bxg7 Kxg7 19. Qd1 b5 20. a3 Qc7 21. Bd3 Nd6 22. h4 Nc4 23. h5 Qf4 24. g3 Qh6 25. Bxc4 bxc4 26. hxg6 hxg6 27. Kg2 Rh8 28. b4 Qh3+ 29. Kf3 Qf5+ 30. Kg2 Rh2+ 31. Kxh2 Qxf2+ 0-1

[Event "GER-ch U18 Girls"]
[Site "Oberhof"]
[Date "2013.05.21"]
[Round "5"]
[White "Steimbach, Isabel"]
[Black "Duessler, Stefanie"]
[Result "0-1"]
[WhiteElo "1753"]
[BlackElo "2019"]
[PlyCount "174"]
[EventDate "2013.05.19"]
[EventType "swiss"]
[EventRounds "9"]
[EventCountry "GER"]
[SourceTitle "CBM 154 Extra"]
[Source "ChessBase"]
[SourceDate "2013.06.25"]
[SourceVersion "2"]
[SourceVersionDate "2013.06.25"]
[SourceQuality "1"]

1. e4 c5 2. c3 Nf6 3. e5 Nd5 4. Bc4 e6 5. Nf3 d6 6. exd6 Bxd6 7. 0-0 0-0 8. d4 cxd4 9. cxd4 Nc6 10. Nc3 Nce7 11. Re1 Bd7 12. Qb3 Nb6 13. Bd3 h6 14. Ne5 Rc8 15. Nxd7 Qxd7 16. Be3 Rfd8 17. Rac1 Ned5 18. Bb1 Bf8 19. Qd1 g6 20. Qg4 Bg7 21. Qh4 Qe7 22. Qh3 Kh7 23. Ne4 Nc4 24. b3 Nd6 25. Ng5+ Kg8 26. Nf3 Rxc1 27. Rxc1 Nxe3 28. fxe3 Nf5 29. Re1 h5 30. g3 Nd6 31. Qg2 Nb5 32. Rc1 e5 33. dxe5 Bxe5 34. Nxe5 Qxe5 35. Qf3 Re8 36. Re1 b6 37. Bd3 Nd6 38. Kf2 Re6 39. Qa8+ Kg7 40. Qxa7 Rf6+ 41. Kg1 Qd5 42. Qa6 b5 43. Bf1 Qf3 44. Qa5 Ne4 45. Bg2 Qf2+ 46. Kh1 Nd2 47. Rg1 Qxe3 48. Qxb5 Ne4 49. Bxe4 Qxe4+ 50. Rg2 Rf2 51. Qe5+ Qxe5 52. Rxf2 f5 53. Kg2 Kf6 54. h4 Qe4+ 55. Kh2 Ke5 56. Kg1 Qe3 57. Kg2 Kd5 58. Rf4 Qe2+ 59. Rf2 Qe4+ 60. Kg1 Kc5 61. Kh2 Qe3 62. Kg2 Kb4 63. Rf4+ Ka3 64. Rf2 g5 65. hxg5 h4 66. gxh4 Qe4+ 67. Rf3 Qg4+ 68. Rg3 Qxh4 69. g6 f4 70. Rf3 Kxa2 71. g7 Qg5+ 72. Kf2 Qxg7 73. Rxf4 Kxb3 74. Ke3 Kc3 75. Ke4 Qe7+ 76. Kf5 Kd3 77. Kg4 Ke3 78. Rf3+ Ke2 79. Rf4 Qe6+ 80. Kg5 Ke3 81. Rf6 Qe5+ 82. Rf5 Qg7+ 83. Kh5 Ke4 84. Rg5 Qh7+ 85. Kg4 Qh6 86. Rh5 Qf4+ 87. Kh3 Kf3 0-1

[Event "GER-ch U18 Girls"]
[Site "Oberhof"]
[Date "2013.05.20"]
[Round "3"]
[White "Zeller, Elisa"]
[Black "Steimbach, Isabel"]
[Result "1/2-1/2"]
[WhiteElo "1896"]
[BlackElo "1753"]
[PlyCount "138"]
[EventDate "2013.05.19"]
[EventType "swiss"]
[EventRounds "9"]
[EventCountry "GER"]
[SourceTitle "CBM 154 Extra"]
[Source "ChessBase"]
[SourceDate "2013.06.25"]
[SourceVersion "2"]
[SourceVersionDate "2013.06.25"]
[SourceQuality "1"]

1. e4 e5 2. Nf3 d6 3. d4 exd4 4. Nxd4 Nf6 5. Nc3 Be7 6. Bf4 0-0 7. Qd2 c6 8. 0-0-0 b5 9. f3 b4 10. Nce2 Qb6 11. g4 d5 12. exd5 cxd5 13. Ng3 Be6 14. Ngf5 Bc5 15. Nb3 Nbd7 16. Nxc5 Nxc5 17. Nxg7 Nce4 18. fxe4 Nxe4 19. Qd4 Qxd4 20. Rxd4 Kxg7 21. Rxb4 Rfd8 22. Be2 Nf2 23. Rf1 Ne4 24. Be5+ Kf8 25. g5 Re8 26. Bb5 Bd7 27. Bxd7 Rxe5 28. Bc6 Rc8 29. Bxd5 Rxd5 30. Rxe4 Rxg5 31. Ref4 Rc7 32. b3 Rg2 33. R1f2 Rxf2 34. Rxf2 Ke7 35. c4 Ke6 36. Kd2 Ke5 37. Ke3 f5 38. Rd2 h6 39. Rd5+ Ke6 40. Kf4 Rg7 41. Re5+ Kd6 42. Rxf5 Rg2 43. Ra5 Rxh2 44. Rxa7 Kc5 45. Kg4 Kb4 46. Ra4+ Kc5 47. Ra5+ Kc6 48. Rh5 Rxa2 49. Rxh6+ Kc5 50. Rh5+ Kc6 51. Kf3 Rd2 52. Ke3 Rd1 53. Ke2 Rd8 54. b4 Rd4 55. Rc5+ Kb6 56. Ke3 Rd1 57. Rd5 Rb1 58. b5 Rc1 59. Kd4 Rd1+ 60. Ke5 Re1+ 61. Kd6 Re4 62. c5+ Kxb5 63. c6+ Kb6 64. Kd7 Rc4 65. Rd6 Rc1 66. Rd2 Rh1 67. Rb2+ Ka7 68. Rb7+ Ka6 69. Rb8 Rh7+ 1/2-1/2

[Event "GER-ch U18 Girls"]
[Site "Oberhof"]
[Date "2013.05.19"]
[Round "2"]
[White "Steimbach, Isabel"]
[Black "Kuckling, Hannah"]
[Result "1/2-1/2"]
[WhiteElo "1753"]
[BlackElo "1909"]
[PlyCount "152"]
[EventDate "2013.05.19"]
[EventType "swiss"]
[EventRounds "9"]
[EventCountry "GER"]
[SourceTitle "CBM 154 Extra"]
[Source "ChessBase"]
[SourceDate "2013.06.25"]
[SourceVersion "2"]
[SourceVersionDate "2013.06.25"]
[SourceQuality "1"]

1. e4 c5 2. c3 Nf6 3. e5 Nd5 4. Bc4 Nb6 5. Bb3 Nc6 6. Nf3 c4 7. Bc2 Qc7 8. Qe2 g5 9. h3 Bg7 10. Nxg5 Qxe5 11. Qxe5 Nxe5 12. 0-0 d5 13. f4 Ng6 14. d4 cxd3 15. Bxd3 Bd7 16. Na3 h6 17. Nf3 0-0-0 18. Re1 Bf6 19. Kh2 Nh4 20. Nxh4 Bxh4 21. g3 Bf6 22. Be3 Rde8 23. Bf2 Rhg8 24. Nc2 e5 25. fxe5 Bxe5 26. Nd4 h5 27. Nf3 Bd6 28. Rxe8+ Rxe8 29. Re1 Rxe1 30. Bxe1 Na4 31. b3 Nc5 32. Be2 Ne4 33. Nh4 Nf6 34. Bd3 Be6 35. Bf2 a6 36. Nf5 Be5 37. Bd4 Bxd4 38. Nxd4 Bd7 39. Nf5 Kc7 40. Ne3 Kd6 41. Kg2 Ke5 42. h4 Ne4 43. c4 Kd4 44. Bxe4 dxe4 45. Kf2 f5 46. Nd5 Be6 47. Nf4 Bf7 48. Ke2 Kc3 49. Nd5+ Kb2 50. Kd2 Kxa2 51. Kc2 a5 52. Nc3+ Ka3 53. Nb5+ Kb4 54. Nd6 Be6 55. Nxb7 a4 56. bxa4 Bxc4 57. Kd2 Bd5 58. Nd6 Be6 59. Nb5 Kxa4 60. Nd4 Bd7 61. Ke3 Kb4 62. Ne2 Kc4 63. Nf4 Be8 64. Ng2 Kd5 65. Nf4+ Ke5 66. Ng2 Ba4 67. Nf4 Bd1 68. Ng6+ Kd5 69. Nf4+ Kc4 70. Ng6 Kc3 71. Nf4 Kc2 72. Nd5 Bf3 73. Kf4 Kd3 74. Ne3 Bg4 75. Nd5 Kd4 76. Ne3 Kd3 1/2-1/2

[Event "GER-chT U16"]
[Site "Naumburg"]
[Date "2012.12.29"]
[Round "5"]
[White "Steimbach, Isabel"]
[Black "Schackmann, Oliver"]
[Result "0-1"]
[WhiteElo "1790"]
[BlackElo "1896"]
[PlyCount "102"]
[EventDate "2012.12.27"]
[EventType "team-swiss"]
[EventRounds "7"]
[EventCountry "GER"]
[SourceTitle "EXT 2014"]
[Source "ChessBase"]
[SourceDate "2013.11.20"]
[SourceVersion "1"]
[SourceVersionDate "2013.11.20"]
[SourceQuality "1"]
[WhiteTeam "Baden-Baden"]
[BlackTeam "Vaterstetten"]
[WhiteTeamCountry "GER"]
[BlackTeamCountry "GER"]

1. e4 e5 2. Nf3 Nc6 3. Nc3 Nf6 4. a3 Be7 5. d4 exd4 6. Nxd4 0-0 7. Be2 d6 8. 0-0 h6 9. h3 Re8 10. f4 Bd7 11. Be3 Bf8 12. Qd3 Nxd4 13. Bxd4 Bc6 14. Bf3 Nd7 15. Rae1 g6 16. e5 dxe5 17. fxe5 Nc5 18. Qc4 Bxf3 19. Rxf3 Ne6 20. Rd1 Qc8 21. Nd5 Be7 22. Be3 h5 23. Rdf1 c6 24. Nxe7+ Rxe7 25. Qh4 Rd7 26. Qf2 Qf8 27. Bxa7 c5 28. Bb6 Ra6 29. Rb3 Nd4 30. Bxc5 Qxc5 31. Rc3 Ne2+ 32. Kh1 Qxf2 33. Rc8+ Kg7 34. Rxf2 Ng3+ 35. Kh2 Nf5 36. Re2 Nd4 37. Re4 Rc6 38. Rxc6 Nxc6 39. c3 Re7 40. Re2 Nxe5 41. Kg3 h4+ 42. Kf2 Nd3+ 43. Kf3 Rxe2 44. Kxe2 Nxb2 45. Kf3 b5 46. Ke4 Nc4 47. Kd4 Nxa3 48. Kc5 Nb1 49. Kb4 Kf6 50. Kb3 Kf5 51. Kc2 Nxc3 0-1

[Event "GER-chT U16"]
[Site "Naumburg"]
[Date "2012.12.27"]
[Round "1"]
[White "Steimbach, Isabel"]
[Black "Hoffmann, Dustin"]
[Result "0-1"]
[WhiteElo "1790"]
[BlackElo "1709"]
[PlyCount "64"]
[EventDate "2012.12.27"]
[EventType "team-swiss"]
[EventRounds "7"]
[EventCountry "GER"]
[SourceTitle "EXT 2014"]
[Source "ChessBase"]
[SourceDate "2013.11.20"]
[SourceVersion "1"]
[SourceVersionDate "2013.11.20"]
[SourceQuality "1"]
[WhiteTeam "Baden-Baden"]
[BlackTeam "Merseburg"]
[WhiteTeamCountry "GER"]
[BlackTeamCountry "GER"]

1. e4 c5 2. c3 Nf6 3. e5 Nd5 4. Nf3 e6 5. Bc4 d6 6. exd6 Bxd6 7. 0-0 0-0 8. d4 cxd4 9. cxd4 Nc6 10. Nc3 a6 11. Ne4 Be7 12. a3 b5 13. Bb3 Nf6 14. Re1 Nxe4 15. Rxe4 Bb7 16. Rg4 Bf6 17. Bg5 Bxg5 18. Nxg5 h6 19. Nxe6 fxe6 20. Bxe6+ Kh8 21. d5 Ne5 22. Re4 Qf6 23. Qe2 Nc4 24. f4 Qxb2 25. Qe1 Rad8 26. Rb1 Qxa3 27. Rxc4 bxc4 28. Rxb7 Rxf4 29. Rxg7 Kxg7 30. Qe5+ Rf6 31. Qc7+ Kg6 32. h4 Qc1+ 0-1